| 000 | 01212nam a2200253Ia 4500 | ||
|---|---|---|---|
| 003 | Ost | ||
| 005 | 20260507075235.0 | ||
| 008 | 260507s9999||||xx |||||||||||||| ||und|| | ||
| 020 | _a54672499579 | ||
| 040 | _cfsecg | ||
| 041 | _aara | ||
| 082 | _a330 | ||
| 100 |
_aنجم، نجم عبود _eمؤلف |
||
| 245 | 0 |
_aإدارة الجودة الشاملة في عصر الانترنت / _c نجم عبود نجم |
|
| 260 |
_aعمان: _bدار صفاء, _c2009 |
||
| 300 |
_a660 صفحة؛ _bإيضاحات ؛ _c24 سم |
||
| 504 | _aمراجع في كل نهاية فصل | ||
| 520 | _aالمدخل الى ادارة الجودة الشاملة ، الحيود الستة ، الاداوات في ادارة الجودة الشاملة ، جودة الخدمات ، جودة المشروعات ، جودة المعرفة ، جودة اللاملموسات ، الجودة الالكترونية ، جودة البرمجيات ، المدخل الياباني لادارة الجودة ، الرقابة الاحصائية على الجودة. | ||
| 653 | _aالإدارة | ||
| 653 | _aالإدارة- الجودة | ||
| 653 | _aالإيزو | ||
| 653 | _aضبط الجودة | ||
| 942 | _cكتاب | ||
| 999 |
_c43580 _d43580 |
||